أمراء وقبائل : (Record no. 13851)

MARC details
000 -الفاتح
حقل البيانات ثابتة الطول 01198nam a2200301 i 4500
003 - محدد رقم الضبط
رقم الضبط EG-ScBUE
005 - وقت وتاريخ اخر تعامل مع التسجيلة
رقم الضبط 20240806113210.0
008 - عناصر البيانات ثابتة الطول - معلومات عامة
حقل البيانات ثابتة الطول 100406s2001 le f 001 0 ara d
020 ## - الرقم الدولى المعيارى للكتب
الرقم الدولى المعيارى للكتاب 9953210225
020 ## - الرقم الدولى المعيارى للكتب
الرقم الدولى المعيارى للكتاب 9789953210223
040 ## - مصدر الفهرسة
وكالة الفهرسة الأصلية EG-ScBUE
لغة الفهرسة ara
قواعد الوصف rda
وكالة النسخ EG-ScBUE
وكالة التعديل EG-ScBUE
043 ## - رمز المنطقة الجغرافية
رمز المنطقة الجغرافية a-le---
082 04 - رقم تصنيف ديوى العشرى
رقم الطبعة 22
رقم التصنيف 956.92044
رقم المادة ف ض ل
100 1# - المدخل الرئيسى - إسم شخصى
9 (RLIN) 13364
الإسم الشخصى فضل الله، محمد حسين،
التواريخ المصاحبة للاسم 1935-2010‏،
الدور مؤلف.
245 10 - بيان العنوان
العنوان أمراء وقبائل :
بقية العنوان خفايا وحقائق لبنانية /
بيان المسئوليه,etc السيد محمد حسين فضل الله ؛ إعداد وتنسيق نجيب نور الدين.
250 ## - بيان الطبعة
بيان الطبعة الطبعة الأولى.
264 #1 - النشر، التوزيع
مكان الناشر او الموزع بيروت :
اسم الناشر او الموزع رياض الريس،
تاريخ النشر أو التوزيع 2001.
300 ## - الوصف المادى
التعداد 510 صفحة ؛
أبعاد الوعاء 24 سم
336 ## - نوع المحتوى
source rdacontent
Carrier Type Term نص
Content Type Code txt
337 ## - نوع الوسيط
Media Type Term بدون وسيط
source rdamedia
Media Type Code n
338 ## - نوع الحامل أو الناقل
Carrier Type Term مجلد
Carrier Type Code nc
source rdacarrier
500 ## - تبصرة عامة
تبصرة عامة يشتمل على كشافات.
650 #7 - المدخل الاضافى بالموضوع-مصطلح موضوعى
9 (RLIN) 13448
مصطلح موضوعي أو اسم جغرافي كعنصر مدخل الأقليات الدينية
التقسيم الفرعي الجغرافي لبنان.
مصدر الرأس أو المصطلح BUEsh
651 #7 - المدخل الاضافى بالموضوع - اسم جغرافى
9 (RLIN) 13355
الاسم الجغرافي لبنان
التقسيم الفرعي العام سياسة وحكومة.
مصدر الرأس أو المصطلح BUEsh
655 ## - مصطلح تكشيفى-نوع/شكل
التقسيم الفرعي الشكلي Reading book
700 1# - المدخل الاضافى - اسم شخصى
9 (RLIN) 13365
الإسم الشخصى نور الدين، نجيب،
الدور معد،
-- منسق.
942 ## - عناصر المدخل الإضافي( كوها)
مصدر التصنيف او مخطط الترفيف Dewey Decimal Classification
Koha [default] item type Book - Borrowing
Holdings
حالة التراجع حالة الفقد مصدر التصنيف او خطة الترفيف حالة تلف ليس للاعارة مجموعات كوها المكان الدائم المكان الحالي موقع الترفيف تاريخ الاكتساب Source of acquisition سعر الشراء الطبيعي تعداد مسلسل / التسلسل الزمني رقم الاستدعاء الباركود Date last seen نوع الوعاء
    Dewey Decimal Classification     Alahram Central Library Central Library Second Floor 06/04/2010 Purchase 90.00 0991 956.92044 ف ض ل 000020287 15/07/2025 Book - Borrowing